| 000 | 00319nam a2200109 4500 | ||
|---|---|---|---|
| 999 |
_c9747 _d9747 |
||
| 008 | 180716b ||||| |||| 00| 0 eng d | ||
| 245 | _aLawmakers eye higher taxes on beauty products, services. | ||
| 260 |
_aPhilippines _bThe Philippine Star _cc2017 |
||
| 300 | _apage B-1. | ||
| 650 | 0 |
_928930 _aTaxation. |
|
| 942 |
_2ddc _cPER |
||